[Event "Hastings Masters"]
[Site "?"]
[Date "2007.12.28"]
[Round "1.1"]
[White "Malakhatko, Vadim"]
[Black "Bogner, Sebastian"]
[Result "0-1"]
[WhiteElo "2596"]
[BlackElo "2383"]
[PlyCount "128"]
[EventDate "2007.12.28"]
[SourceDate "2007.12.28"]

1. d4 Nf6 2. Nf3 g6 3. Bg5 Bg7 4. c3 O-O 5. Nbd2 d5 6. e3 Nbd7 7. b4 Re8 8. Be2
e5 9. O-O c6 10. Bh4 Qe7 11. a3 a5 12. Rb1 axb4 13. axb4 exd4 14. cxd4 b5 15.
Qc1 Bb7 16. Nb3 Rac8 17. Re1 h6 18. Na5 Ba8 19. Bd3 Qe6 20. Nb3 Ne4 21. Bxe4
dxe4 22. Nfd2 Bf8 23. Nc5 Nxc5 24. dxc5 Bb7 25. Nb3 g5 26. Bg3 Ra8 27. Nd4 Qg6
28. Ra1 h5 29. Qc3 Rad8 30. Ra7 Rd7 31. Bd6 Bxd6 32. cxd6 Qxd6 33. Rc1 f6 34.
h4 gxh4 35. Qc5 Qe5 36. Qb6 Qe7 37. Rc5 Rxd4 38. exd4 e3 39. Rc2 Qxb4 40. Qc7
Qe1+ 41. Kh2 exf2 42. Rxf2 Qxf2 43. Rxb7 Qg3+ 44. Qxg3+ hxg3+ 45. Kxg3 Rd8 46.
Rc7 Rxd4 47. Rxc6 Kf7 48. Rc5 Rg4+ 49. Kf3 Rg5 50. Rc6 Rd5 51. Rb6 Kg6 52. Ke4
Re5+ 53. Kf4 Rc5 54. Kf3 Kg5 55. Rb8 Rc3+ 56. Kf2 Rb3 57. g3 b4 58. Rg8+ Kf5
59. Rh8 Ke4 60. Re8+ Kd4 61. Rf8 Rb2+ 62. Ke1 b3 63. Kd1 Rb1+ 64. Kd2 Rg1 0-1

[Event "Hastings Masters"]
[Site "?"]
[Date "2007.12.28"]
[Round "1.2"]
[White "Bates, Richard"]
[Black "Chatalbashev, Boris"]
[Result "1/2-1/2"]
[WhiteElo "2378"]
[BlackElo "2581"]
[PlyCount "136"]
[EventDate "2007.12.28"]
[SourceDate "2007.12.28"]

1. d4 g6 2. c4 Bg7 3. e4 c5 4. d5 d6 5. Nc3 Nf6 6. h3 O-O 7. Bg5 e6 8. Bd3 exd5
9. cxd5 Bd7 10. Nf3 b5 11. O-O c4 12. Bc2 Na6 13. e5 dxe5 14. Nxe5 Nc5 15. Qf3
Re8 16. Rae1 b4 17. Nd1 b3 18. axb3 cxb3 19. Bxb3 Bb5 20. d6 Nxb3 21. Qxb3 Bxf1
22. Qxf7+ Kh8 23. Kxf1 Rxe5 24. Rxe5 Qxd6 25. Bxf6 Bxf6 26. Rd5 Qf8 27. Qb7 Re8
28. Rd7 Bg7 29. Qd5 Qb4 30. Qd2 Qb5+ 31. Kg1 a5 32. Rd5 Qb4 33. Qxb4 axb4 34.
Kf1 h5 35. Rd7 Kh7 36. h4 Kh6 37. g3 Re4 38. Rd2 b3 39. Rd3 Rb4 40. Ke2 Be5 41.
Kd2 Kg7 42. Nc3 Rb7 43. Rd5 Bf6 44. Kd3 Kf7 45. Kc4 Rb8 46. Rd3 Ke6 47. Nd1 g5
48. hxg5 Bxg5 49. Rxb3 Rc8+ 50. Kd3 h4 51. gxh4 Bxh4 52. Rb6+ Ke5 53. Rb5+ Ke6
54. f4 Rd8+ 55. Ke2 Bg3 56. Rb4 Kd5 57. Ne3+ Kc5 58. Rc4+ Kb5 59. Re4 Bh4 60.
Re6 Kc5 61. Ng2 Rf8 62. Re5+ Kc6 63. b4 Bf6 64. Rc5+ Kd7 65. Kf3 Be7 66. Rd5+
Kc6 67. Rd4 Kb5 68. Rd5+ Kc6 1/2-1/2

[Event "Hastings Masters"]
[Site "?"]
[Date "2007.12.28"]
[Round "1.3"]
[White "Georgiev, Vladimir"]
[Black "Dinger, Florian"]
[Result "1/2-1/2"]
[WhiteElo "2576"]
[BlackElo "2378"]
[PlyCount "110"]
[EventDate "2007.12.28"]
[SourceDate "2007.12.28"]

1. d4 Nf6 2. c4 e6 3. Nf3 b6 4. a3 Bb7 5. Nc3 d5 6. Bg5 Be7 7. Rc1 O-O 8. e3 c6
9. cxd5 cxd5 10. Bd3 Nbd7 11. O-O a6 12. Na2 Rc8 13. Qe2 b5 14. Rxc8 Qxc8 15.
Rc1 Qb8 16. Ne5 Bd6 17. f4 Rc8 18. Rf1 Qc7 19. Bh4 Bf8 20. Rc1 Qb8 21. Be1 Nb6
22. Bb4 Rxc1+ 23. Nxc1 Ne4 24. Qh5 Qc7 25. Nb3 g6 26. Qh4 Bg7 27. Ba5 Bf6 28.
Qh3 Bc8 29. Bxe4 dxe4 30. Nc5 Be7 31. b4 f6 32. Nxg6 hxg6 33. Qh6 Qc6 34. Qxg6+
Kf8 35. Bxb6 Qxb6 36. Qxe4 Bxc5 37. dxc5 Qd8 38. h3 Kg7 39. Kh2 Qd7 40. c6 Qd6
41. h4 e5 42. f5 Qd1 43. Kh3 Qh1+ 44. Kg3 Qe1+ 45. Kh2 Qd1 46. g4 Qe2+ 47. Kh3
Qf2 48. c7 Kh7 49. Qd5 {(=)} Qxe3+ 50. Kg2 Qe2+ 51. Kh3 Qf1+ 52. Kg3 Qf4+ 53.
Kh3 Qc4 54. Qd8 Qf1+ 55. Kh2 Qf2+ 1/2-1/2

[Event "Hastings Masters"]
[Site "?"]
[Date "2007.12.28"]
[Round "1.5"]
[White "Mamedov, Nidjat"]
[Black "Abu Sufian, Sakil"]
[Result "1-0"]
[WhiteElo "2565"]
[BlackElo "2361"]
[PlyCount "55"]
[EventDate "2007.12.28"]
[SourceDate "2007.12.28"]

1. e4 c5 2. Nf3 d6 3. c3 Nf6 4. h3 g6 5. Bd3 Bg7 6. O-O O-O 7. Bc2 Nc6 8. d4
cxd4 9. cxd4 d5 10. e5 Ne8 11. Nc3 Nc7 12. Re1 b5 13. Be3 a5 14. Rc1 a4 15. Bd3
Bd7 16. Qe2 b4 17. Nb5 Ra5 18. Nxc7 Qxc7 19. Rc2 Qb6 20. Rec1 Rc8 21. Ng5 Na7
22. Qf3 f5 23. exf6 Qxf6 24. Rc7 Rxc7 25. Rxc7 Bf5 26. Bxf5 gxf5 27. Rd7 e6 28.
Qh5 1-0

[Event "Hastings Masters"]
[Site "?"]
[Date "2007.12.28"]
[Round "1.6"]
[White "Afek, Yochanan"]
[Black "Hebden, Mark"]
[Result "0-1"]
[WhiteElo "2349"]
[BlackElo "2542"]
[PlyCount "90"]
[EventDate "2007.12.28"]
[SourceDate "2007.12.28"]

1. e4 e5 2. Nf3 Nc6 3. Nc3 Nf6 4. d4 exd4 5. Nxd4 Bb4 6. Nxc6 bxc6 7. Bd3 O-O
8. O-O d5 9. exd5 cxd5 10. Bg5 c6 11. Ne2 h6 12. Bh4 Bd6 13. Nd4 c5 14. Nb5 Be7
15. c4 Bb7 16. Re1 a6 17. Nc3 d4 18. Bxf6 Bxf6 19. Ne4 Be7 20. Qh5 Qc7 21. Nf6+
Bxf6 22. Qf5 g6 23. Qxf6 Rae8 24. h4 Qc6 25. Qxc6 Bxc6 26. f3 Kg7 27. Kf2 Kf6
28. f4 Bd7 29. Kf3 h5 30. g3 a5 31. b3 Bg4+ 32. Kf2 Bf5 33. Bxf5 Kxf5 34. Kf3
f6 35. Rad1 g5 36. hxg5 fxg5 37. Rxe8 Rxe8 38. fxg5 Kxg5 39. Rd3 Kf5 40. a3 Ke5
41. Rd1 Rf8+ 42. Ke2 Ke4 43. Rh1 d3+ 44. Ke1 Ke3 45. Rh2 a4 0-1

[Event "Hastings Masters"]
[Site "?"]
[Date "2007.12.28"]
[Round "1.7"]
[White "Conquest, Stuart"]
[Black "Zozulia, Anna"]
[Result "1-0"]
[WhiteElo "2540"]
[BlackElo "2343"]
[PlyCount "79"]
[EventDate "2007.12.28"]
[SourceDate "2007.12.28"]

1. d4 g6 2. c4 Bg7 3. Nc3 d6 4. Nf3 Nf6 5. Bf4 O-O 6. e3 c6 7. Be2 a5 8. h3
Nfd7 9. Bh2 e5 10. O-O Qe7 11. a3 Re8 12. Rb1 Nf8 13. b4 axb4 14. axb4 Nbd7 15.
Qb3 Ne6 16. Rfd1 Ng5 17. Nxg5 Qxg5 18. Ne4 Qe7 19. dxe5 dxe5 20. Nd6 Rd8 21. c5
Nf8 22. Qc3 Qg5 23. Bc4 Ne6 24. Qb3 Qe7 25. Ra1 Rxa1 26. Rxa1 b5 27. Be2 Nc7
28. Ra7 Be6 29. Qb2 Bd5 30. e4 Bc4 31. Bxc4 bxc4 32. Bg3 h5 33. Qc2 h4 34. Bxh4
Qxh4 35. Rxc7 Ra8 36. Rxf7 Bf6 37. Rd7 Ra1+ 38. Kh2 Qf4+ 39. g3 Rc1 40. Qa2 1-0

[Event "Hastings Masters"]
[Site "?"]
[Date "2007.12.28"]
[Round "1.8"]
[White "Rudd, Jack"]
[Black "Tahirov, Farhad"]
[Result "0-1"]
[WhiteElo "2332"]
[BlackElo "2540"]
[PlyCount "108"]
[EventDate "2007.12.28"]
[SourceDate "2007.12.28"]

1. e4 c6 2. d4 d6 3. f4 Nf6 4. Bd3 e5 5. Nf3 Nbd7 6. O-O exd4 7. Nxd4 Nc5 8.
Nc3 Qb6 9. Kh1 Bg4 10. Be2 Be6 11. e5 dxe5 12. fxe5 Nfd7 13. Nxe6 fxe6 14. Bg5
Qc7 15. b4 Qxe5 16. Bh5+ g6 17. Qg4 Be7 18. Bxe7 Kxe7 19. bxc5 Raf8 20. Qh4+
Nf6 21. Rab1 b5 22. cxb6 Qxc3 23. bxa7 gxh5 24. Rb7+ Kd6 25. Rd1+ Nd5 26. Qe7+
Ke5 27. Qg7+ Ke4 28. Qg5 Rhg8 29. Qxh5 Ne3 30. Qxh7+ Ke5 31. Rb3 Nxd1 32. Qh5+
Rf5 33. Qe2+ Kf6 34. Rxc3 Nxc3 35. Qe1 Nb5 36. Qh4+ Ke5 37. g4 Rf4 38. h3 Rf7
39. Qg3+ Kd5 40. Qb8 Rff8 41. Qb6 Nd6 42. Kg2 Ra8 43. Qc7 Rgf8 44. Qd7 e5 45.
g5 e4 46. g6 e3 47. c4+ Kc5 48. g7 Rfe8 49. Kf1 e2+ 50. Ke1 Rad8 51. a8=Q Rxa8
52. g8=Q Rxg8 53. Kxe2 Rxa2+ 54. Kf3 Rf8+ 0-1

[Event "Hastings Masters"]
[Site "?"]
[Date "2007.12.28"]
[Round "1.9"]
[White "Pert, Nicholas"]
[Black "Prosviriakov, Vladimir"]
[Result "1-0"]
[WhiteElo "2539"]
[BlackElo "2319"]
[PlyCount "95"]
[EventDate "2007.12.28"]
[SourceDate "2007.12.28"]

1. d4 Nf6 2. Nf3 e6 3. c4 b6 4. Nc3 Bb7 5. a3 d5 6. cxd5 Nxd5 7. e3 g6 8. Nxd5
Qxd5 9. Qc2 Nd7 10. Bc4 Qe4 11. Bd3 Qg4 12. Qxc7 Qxg2 13. Qxb7 Qxh1+ 14. Ke2
Rb8 15. Qc7 Bg7 16. Rb1 Qg2 17. Bd2 O-O 18. Rg1 Qh3 19. Rg3 Qh5 20. Qxd7 Rfd8
21. Qe7 Qd5 22. e4 Qc6 23. Ne5 Qb7 24. Qxb7 Rxb7 25. Bc3 Rc7 26. h4 h5 27. f4
Bf6 28. Nf3 Kf8 29. f5 exf5 30. exf5 gxf5 31. Bxf5 a5 32. Kd3 Re7 33. Bd2 Ree8
34. Rg2 Bg7 35. Rg5 Rd5 36. Rxh5 Red8 37. Bc3 Bf6 38. Bg4 R5d6 39. Rf5 Kg7 40.
Rf4 Re8 41. Bf5 Red8 42. Be4 Re8 43. a4 Red8 44. Rg4+ Kh8 45. Ng5 R8d7 46. Bf5
Rc7 47. Ne4 Rdc6 48. d5 1-0

[Event "Hastings Masters"]
[Site "?"]
[Date "2007.12.28"]
[Round "1.10"]
[White "Marusenko, Petr"]
[Black "Pavlovic, Milos"]
[Result "1/2-1/2"]
[WhiteElo "2304"]
[BlackElo "2536"]
[PlyCount "71"]
[EventDate "2007.12.28"]
[SourceDate "2007.12.28"]

1. d4 Nf6 2. Nf3 g6 3. c3 Bg7 4. Bf4 O-O 5. h3 d6 6. e3 c5 7. Bc4 Qb6 8. Qb3
Nc6 9. Nbd2 Na5 10. Qxb6 axb6 11. Bd3 cxd4 12. exd4 Bd7 13. O-O Nd5 14. Bg3 b5
15. Rfe1 Rfe8 16. Re2 Rac8 17. Rae1 h6 18. Be4 Nf6 19. b4 Nc6 20. Bd3 Nd5 21.
Nb1 Na7 22. Be4 Nxc3 23. Nxc3 Rxc3 24. Bxb7 Rb8 25. Bd5 Nc8 26. Bf4 e6 27. Bb3
Rb6 28. Bd2 Rc7 29. Be3 Ra6 30. Bf4 Ne7 31. Rd2 g5 32. Bh2 Rc3 33. Rdd1 Nf5 34.
d5 e5 35. Rc1 Rxc1 36. Rxc1 {remaining moves illegible} 1/2-1/2

[Event "Hastings Masters"]
[Site "?"]
[Date "2007.12.28"]
[Round "1.11"]
[White "Bindrich, Falko"]
[Black "Eames, Robert"]
[Result "1-0"]
[WhiteElo "2512"]
[BlackElo "2304"]
[PlyCount "61"]
[EventDate "2007.12.28"]
[SourceDate "2007.12.28"]

1. d4 Nf6 2. Nf3 g6 3. Bg5 Bg7 4. Nbd2 O-O 5. e4 d5 6. exd5 Nxd5 7. c3 b6 8.
Bc4 Bb7 9. O-O h6 10. Bh4 Nd7 11. Re1 N7f6 12. a4 a5 13. Qb3 Qd7 14. Ne5 Qf5
15. Ndf3 e6 16. Bg3 Nf4 17. Bxf4 Qxf4 18. g3 Qxf3 19. Nxf3 Bxf3 20. Qc2 h5 21.
Bf1 Rad8 22. Bg2 Bg4 23. Qb3 Rd6 24. Qc4 c6 25. Qa6 Nd5 26. Ra3 Rfd8 27. Rb3 c5
28. h3 Bf5 29. dxc5 bxc5 30. Qxa5 c4 31. Rb7 1-0

[Event "Hastings Masters"]
[Site "?"]
[Date "2007.12.28"]
[Round "1.12"]
[White "Hasan, Mehdi"]
[Black "Haslinger, Stewart"]
[Result "0-1"]
[WhiteElo "2287"]
[BlackElo "2502"]
[PlyCount "100"]
[EventDate "2007.12.28"]
[SourceDate "2007.12.28"]

1. e4 e5 2. Nf3 Nc6 3. Bb5 a6 4. Bxc6 dxc6 5. d4 exd4 6. Qxd4 Qxd4 7. Nxd4 Bd7
8. Nc3 O-O-O 9. Be3 Re8 10. a3 c5 11. Nb3 b6 12. O-O-O Bc6 13. Nd2 f5 14. f3
Nf6 15. Bg5 fxe4 16. fxe4 Ng4 17. Rde1 h6 18. Bf4 Bd6 19. Bxd6 cxd6 20. Nc4 Kc7
21. Rhf1 Re7 22. Nd5+ Bxd5 23. exd5 Rhe8 24. Rf7 Rxf7 25. Rxe8 b5 26. h3 Rf1+
27. Kd2 Nf6 28. Ne3 Rf2+ 29. Ke1 Rxg2 30. Re7+ Kd8 31. Re6 Rg3 32. Kf2 Rxh3 33.
Rxd6+ Kc7 34. Rxa6 Rh5 35. Ra7+ Kd6 36. Ra6+ Ke7 37. Ra7+ Kf8 38. d6 Ne4+ 39.
Kf3 Nxd6 40. Kf4 Rh4+ 41. Ke5 Nc4+ 42. Nxc4 Rxc4 43. c3 Rg4 44. Rb7 c4 45. Ke6
Rg6+ 46. Kf5 Rg2 47. Ke6 Re2+ 48. Kf5 Rxb2 49. Kg6 Rg2+ 50. Kh7 Rg5 0-1

[Event "Hastings Masters"]
[Site "?"]
[Date "2007.12.28"]
[Round "1.13"]
[White "Flear, Glenn C"]
[Black "Formanek, Edward W"]
[Result "1/2-1/2"]
[WhiteElo "2493"]
[BlackElo "2276"]
[PlyCount "120"]
[EventDate "2007.12.28"]
[SourceDate "2007.12.28"]

1. d4 d5 2. c4 c6 3. Nc3 e5 4. dxe5 d4 5. Ne4 Qa5+ 6. Bd2 Qxe5 7. Ng3 Nf6 8.
Nf3 Qd6 9. Qc2 c5 10. e3 dxe3 11. Bxe3 g6 12. Rd1 Qe7 13. Be2 Bg7 14. Bf4 Nc6
15. Bd6 Qd8 16. O-O Qb6 17. Ne4 Bf5 18. Nxf6+ Bxf6 19. Bd3 Be6 20. Be4 O-O-O
21. Qa4 Nb4 22. Be5 Bxe5 23. Nxe5 Qa6 24. Qxa6 Nxa6 25. Bd5 Bxd5 26. cxd5 Rhf8
27. Rfe1 f6 28. Nc4 Kd7 29. Kf1 Rde8 30. Na5 b6 31. Nc6 Nb4 32. Nxb4 cxb4 33.
Rd4 Rxe1+ 34. Kxe1 Kd6 35. Rxb4 Kxd5 36. Kd2 Re8 37. Rb3 Re7 38. Rd3+ Kc5 39.
Rd8 f5 40. f3 Kc6 41. Rc8+ Kd7 42. Rh8 Kc6 43. h4 h5 44. Rg8 Re6 45. Kd3 Kc5
46. Rc8+ Kd5 47. b4 f4 48. Rd8+ Kc6 49. Rf8 Re3+ 50. Kc4 Re2 51. Rf6+ Kc7 52.
Rxg6 Rxa2 53. Rg5 a5 54. Rxh5 Rxg2 55. bxa5 bxa5 56. Rxa5 Rg3 57. Ra3 Kd6 58.
Kd4 Rh3 59. Ke4 Rxh4 60. Kf5 Ke7 1/2-1/2

[Event "Hastings Masters"]
[Site "?"]
[Date "2007.12.28"]
[Round "1.14"]
[White "Briscoe, Christopher"]
[Black "Gormally, Daniel"]
[Result "0-1"]
[WhiteElo "2273"]
[BlackElo "2484"]
[PlyCount "116"]
[EventDate "2007.12.28"]
[SourceDate "2007.12.28"]

1. e4 c5 2. Nf3 d6 3. Bb5+ Nd7 4. d4 Ngf6 5. O-O a6 6. Bxd7+ Nxd7 7. b3 e6 8.
Bb2 cxd4 9. Nxd4 Nf6 10. Qe2 Be7 11. c4 O-O 12. Nc3 Qc7 13. f4 b6 14. Rac1 Bb7
15. f5 e5 16. Nd5 Qd8 17. Nc2 b5 18. Rfd1 bxc4 19. bxc4 Bxd5 20. exd5 Qb6+ 21.
Ne3 Ne4 22. Rc2 Bg5 23. Bc1 Rfc8 24. Kf1 Bxe3 25. Bxe3 Qb4 26. Bd2 Nxd2+ 27.
Qxd2 Rxc4 28. Qxb4 Rxb4 29. Rc6 Rf4+ 30. Ke2 Rxf5 31. Rxd6 Kf8 32. Rb1 Ke7 33.
Rc6 Ra7 34. Rbb6 Rd7 35. d6+ Ke6 36. Rxa6 Rf4 37. Rc7 Rd4 38. Rxd7 Kxd7 39.
Ra7+ Ke6 40. a4 Rxd6 41. a5 Rd4 42. Ra6+ Kf5 43. Ra7 Kg6 44. Re7 Kf6 45. Rb7
Ra4 46. Rb5 Kf5 47. Kd3 Ra2 48. Kc3 Rxg2 49. Rb2 Rg1 50. Ra2 Rc1+ 51. Kb4 e4
52. a6 Rc8 53. a7 Ra8 54. Kc4 Ke5 55. Ra5+ Kf4 56. Kd5 e3 57. Kd4 e2 58. Ra1 f5
0-1

[Event "Hastings Masters"]
[Site "?"]
[Date "2007.12.28"]
[Round "1.15"]
[White "Williams, Simon Kim"]
[Black "Ledger, David"]
[Result "1-0"]
[WhiteElo "2475"]
[BlackElo "2266"]
[PlyCount "65"]
[EventDate "2007.12.28"]
[SourceDate "2007.12.28"]

1. d4 Nf6 2. c4 e6 3. Nf3 b6 4. g3 Ba6 5. Qc2 b5 6. cxb5 Bxb5 7. Nc3 Bb4 8. e4
Bxf1 9. Kxf1 Bxc3 10. bxc3 d5 11. e5 Nfd7 12. Ba3 Nb6 13. Nd2 Qd7 14. Kg2 Qa4
15. Qxa4+ Nxa4 16. c4 dxc4 17. Rhc1 c3 18. Ne4 Na6 19. Nxc3 Nxc3 20. Rxc3 Rb8
21. Rac1 h5 22. Rc6 Rb6 23. Rxc7 Nxc7 24. Rxc7 Rh6 25. Rxa7 Rg6 26. Bc5 Rb2 27.
a4 Ra2 28. a5 Rg5 29. Re7+ Kf8 30. Rxe6+ Kg8 31. Re8+ Kh7 32. Bb6 f6 33. d5 1-0

[Event "Hastings Masters"]
[Site "?"]
[Date "2007.12.28"]
[Round "1.16"]
[White "Furman, Boris"]
[Black "Sengupta, Deep"]
[Result "0-1"]
[WhiteElo "2264"]
[BlackElo "2447"]
[PlyCount "78"]
[EventDate "2007.12.28"]
[SourceDate "2007.12.28"]

1. d4 g6 2. c4 Bg7 3. Nc3 d6 4. Bg5 Nd7 5. Nf3 h6 6. Bh4 Ngf6 7. e3 c6 8. Be2
O-O 9. O-O g5 10. Bg3 Nh5 11. Nd2 Nxg3 12. hxg3 f5 13. f4 e5 14. dxe5 dxe5 15.
Nb3 Qb6 16. Qd2 exf4 17. gxf4 Nc5 18. Nxc5 Qxc5 19. Na4 Qe7 20. c5 Be6 21. Bd3
Rad8 22. Qc2 g4 23. g3 Bxa2 24. Rae1 Qe6 25. Nc3 Bc4 26. Bxc4 Qxc4 27. Qa4 Qxc5
28. Qb3+ Rf7 29. Qe6 Qe7 30. Qg6 Rd6 31. Qh5 Rd2 32. Rf2 Rxb2 33. Rxb2 Bxc3 34.
Rh2 Bxe1 35. Qg6+ Rg7 36. Qxf5 Qxe3+ 37. Kf1 Bb4 38. Rxh6 Qf3+ 39. Kg1 Qxg3+
0-1

[Event "Hastings Masters"]
[Site "?"]
[Date "2007.12.28"]
[Round "1.18"]
[White "Kwiatkowski, Feliks J"]
[Black "Chowdhury, S Roy"]
[Result "0-1"]
[WhiteElo "2237"]
[BlackElo "2418"]
[PlyCount "112"]
[EventDate "2007.12.28"]
[SourceDate "2007.12.28"]

1. e4 c5 2. Nf3 Nc6 3. d4 cxd4 4. Nxd4 e5 5. Nb5 d6 6. N1c3 a6 7. Na3 Be6 8.
Nc4 Be7 9. Be3 Nf6 10. Nb6 Rb8 11. Be2 O-O 12. Qd2 Nxe4 13. Nxe4 d5 14. Nxd5
Bxd5 15. f3 Bxe4 16. Qxd8 Rfxd8 17. fxe4 Nb4 18. Bd1 Rbc8 19. Rc1 Nxa2 20. Rb1
Nb4 21. c3 Nc6 22. Bg4 Ra8 23. Bb6 Rd6 24. O-O a5 25. Rbd1 a4 26. Rxd6 Bxd6 27.
Rd1 a3 28. bxa3 Bxa3 29. Be2 Bb2 30. Rd7 Bxc3 31. Bc4 Rf8 32. Rxb7 Bd4+ 33. Kf1
Bxb6 34. Rxb6 Rc8 35. Rb7 Nd8 36. Rd7 Kf8 37. Bd5 Rb8 38. Kf2 Ke8 39. Rc7 Rb6
40. Kf3 Rd6 41. Ke3 Rd7 42. Bc6 Nxc6 43. Rxc6 Ke7 44. Ra6 f6 45. Rb6 Kf7 46.
Ra6 Kg6 47. Ra8 Kg5 48. Ra5 Kg4 49. Ra2 Rb7 50. Kf2 h5 51. Re2 h4 52. Ra2 Kf4
53. Re2 Rb3 54. Ra2 h3 55. g3+ Kxe4 56. Ra4+ Kd3 0-1

[Event "Hastings Masters"]
[Site "?"]
[Date "2007.12.28"]
[Round "1.19"]
[White "Houska, Jovanka"]
[Black "Snape, Ian"]
[Result "1-0"]
[WhiteElo "2404"]
[BlackElo "2230"]
[PlyCount "71"]
[EventDate "2007.12.28"]
[SourceDate "2007.12.28"]

1. d4 Nf6 2. Nf3 g6 3. g3 Bg7 4. c4 O-O 5. Bg2 d6 6. O-O c6 7. Nc3 Qa5 8. e4
Bg4 9. h3 Bxf3 10. Bxf3 Nfd7 11. Rb1 c5 12. dxc5 dxc5 13. e5 Qc7 14. Nd5 Qd8
15. Nf4 Nxe5 16. Bxb7 Nbc6 17. Be3 Nd4 18. b4 g5 19. Nh5 Rb8 20. Be4 Nxc4 21.
Nxg7 Kxg7 22. Bxg5 f5 23. Bg2 Rxb4 24. Rxb4 cxb4 25. Qe1 Re8 26. Qxb4 Ne5 27.
Kh1 Nf7 28. Be3 e5 29. Rd1 Kg6 30. f4 Qb8 31. Qxb8 Rxb8 32. fxe5 Ne2 33. e6 Ng5
34. e7 Re8 35. Rd6+ Kh5 36. Bf3+ 1-0

[Event "Hastings Masters"]
[Site "?"]
[Date "2007.12.28"]
[Round "1.20"]
[White "Jackson, Oliver"]
[Black "Satyapragyan, Swayangsu"]
[Result "0-1"]
[WhiteElo "2219"]
[BlackElo "2404"]
[PlyCount "68"]
[EventDate "2007.12.28"]
[SourceDate "2007.12.28"]

1. e4 c5 2. Nc3 a6 3. f4 b5 4. Nf3 Bb7 5. d3 e6 6. g3 d5 7. exd5 exd5 8. Bg2
Nf6 9. O-O Be7 10. Ne5 Nc6 11. Bd2 O-O 12. Kh1 Qc7 13. Nxc6 Bxc6 14. Qf3 b4 15.
Nd1 a5 16. Ne3 Ra6 17. Nf5 Bd8 18. g4 Bd7 19. Rae1 h5 20. h3 Bxf5 21. gxf5 Qd7
22. Re5 Qa4 23. b3 Qxa2 24. Qd1 Bc7 25. Rg1 Qb2 26. Rxd5 Nxd5 27. Bxd5 Rh6 28.
Rg6 Qd4 29. Qf3 Re8 30. Rxh6 gxh6 31. Bc6 Re7 32. Qxh5 Bxf4 33. f6 Qxf6 34.
Qg4+ Bg5 0-1

[Event "Hastings Masters"]
[Site "?"]
[Date "2007.12.28"]
[Round "1.21"]
[White "Collins, Sam"]
[Black "Lock, Gavin R"]
[Result "1-0"]
[WhiteElo "2401"]
[BlackElo "2215"]
[PlyCount "83"]
[EventDate "2007.12.28"]
[SourceDate "2007.12.28"]

1. Nf3 d5 2. d4 Nf6 3. c4 c6 4. Nc3 a6 5. e3 b5 6. b3 Bg4 7. Be2 e6 8. c5 Nbd7
9. a4 b4 10. Na2 a5 11. Bb2 Be7 12. Nc1 O-O 13. Nd3 Qc8 14. Rc1 Bd8 15. h3 Bh5
16. Nf4 Bxf3 17. gxf3 Bc7 18. Nd3 Re8 19. Ne5 Nxe5 20. dxe5 Nd7 21. f4 Qd8 22.
Bd3 Qh4 23. Qg4 Qh6 24. h4 Bd8 25. Ke2 f6 26. Bd4 f5 27. Qf3 Qg6 28. h5 Qf7 29.
Qg3 Be7 30. Rc2 Kh8 31. f3 Rf8 32. Kd2 Ra7 33. Kc1 Rc7 34. Kb1 Rcc8 35. Qh3 Kg8
36. Rg1 Rc7 37. Qg3 Nb8 38. e4 dxe4 39. fxe4 fxe4 40. Bc4 Bd8 41. f5 Qxf5 42.
Rf2 1-0

[Event "Hastings Masters"]
[Site "?"]
[Date "2007.12.28"]
[Round "1.22"]
[White "Heinis, Vincent"]
[Black "Fryer, David William"]
[Result "0-1"]
[WhiteElo "2202"]
[BlackElo "2065"]
[PlyCount "52"]
[EventDate "2007.12.28"]
[SourceDate "2007.12.28"]

1. d4 Nf6 2. c4 c5 3. d5 b5 4. cxb5 a6 5. e3 g6 6. Nc3 Bg7 7. Nf3 O-O 8. a4 d6
9. Ra3 Nbd7 10. h3 Bb7 11. bxa6 Bxa6 12. Bxa6 Rxa6 13. O-O Qa8 14. e4 Nb6 15.
Re1 Rb8 16. b3 Nfd7 17. Bd2 Ne5 18. Nxe5 Bxe5 19. f4 Bd4+ 20. Kh2 c4 21. Nb5
Bg7 22. a5 c3 23. axb6 Rxa3 24. b7 Qxb7 25. Nxa3 cxd2 26. Re3 Qa7 0-1

[Event "Hastings Masters"]
[Site "?"]
[Date "2007.12.28"]
[Round "1.23"]
[White "Rendle, Thomas"]
[Black "Huizer, Mark"]
[Result "1-0"]
[WhiteElo "2397"]
[BlackElo "2201"]
[PlyCount "69"]
[EventDate "2007.12.28"]
[SourceDate "2007.12.28"]

1. e4 c5 2. Nc3 d6 3. f4 e6 4. Nf3 a6 5. d3 Nc6 6. g4 Nge7 7. Bg2 g6 8. O-O Bg7
9. Kh1 f5 10. gxf5 gxf5 11. Ng5 O-O 12. Ne2 h6 13. Nf3 Bd7 14. c3 b5 15. Ng3
Qe8 16. e5 dxe5 17. fxe5 Rd8 18. Qe2 Bc8 19. Bd2 Kh7 20. Qe3 f4 21. Qe4+ Qg6
22. Nh4 Qxe4 23. Bxe4+ Kg8 24. Nh5 Bxe5 25. Nxf4 Nd5 26. Rg1+ Kf7 27. Nfg6 Rg8
28. Bxh6 b4 29. c4 Nde7 30. Raf1+ Ke8 31. Rg2 Bd4 32. Nxe7 Nxe7 33. Rxg8+ Nxg8
34. Bg5 Rd6 35. Ng6 1-0

[Event "Hastings Masters"]
[Site "?"]
[Date "2007.12.28"]
[Round "1.25"]
[White "Islam, Kh Aminul"]
[Black "Lyell, Mark"]
[Result "1/2-1/2"]
[WhiteElo "2390"]
[BlackElo "2197"]
[PlyCount "136"]
[EventDate "2007.12.28"]
[SourceDate "2007.12.28"]

1. Nf3 Nc6 2. d4 d5 3. Bf4 Bg4 4. e3 e6 5. Nbd2 Bd6 6. c3 Bxf4 7. exf4 Qf6 8.
g3 Nge7 9. h3 Bf5 10. Qe2 O-O-O 11. O-O-O h5 12. Qe3 Bh7 13. Bd3 Nf5 14. Qe2 h4
15. Rdg1 Nce7 16. Ne5 Nd6 17. Ng4 Bxd3 18. Qxd3 Qf5 19. Kc2 Rh7 20. Ne3 Qxd3+
21. Kxd3 Ng6 22. Rh2 Rdh8 23. Rgh1 f6 24. Ke2 f5 25. Kf3 Ne4 26. Nb3 Ne7 27.
Nc1 g5 28. Nd3 Ng6 29. fxg5 Nxg5+ 30. Kg2 b6 31. Nc2 Kd7 32. Nce1 Kd6 33. Nf3
Nxf3 34. Kxf3 c5 35. Ke3 cxd4+ 36. Kxd4 e5+ 37. Ke3 Ke6 38. Kd2 e4 39. Nf4+
Nxf4 40. gxf4 Rg7 41. Ke2 Rhg8 42. Rd1 Rg1 43. Rh1 Rxh1 44. Rxh1 b5 45. Rd1 a5
46. a3 Kd6 47. Ke3 Rg2 48. a4 bxa4 49. c4 Rh2 50. Rxd5+ Ke6 51. Rxa5 Rxh3+ 52.
Ke2 Rb3 53. Rxa4 Rxb2+ 54. Kf1 Rb8 55. Ra6+ Ke7 56. Rh6 h3 57. c5 Kd7 58. Kg1
Rb1+ 59. Kh2 Rf1 60. Rd6+ Kc7 61. Rd2 Kc6 62. Rc2 Re1 63. Kxh3 Rh1+ 64. Kg3
Rg1+ 65. Kh4 Rg4+ 66. Kh5 Rxf4 67. Kg6 Rf3 68. Kg5 e3 1/2-1/2

[Event "Hastings Masters"]
[Site "?"]
[Date "2007.12.28"]
[Round "1.26"]
[White "Coates, David H"]
[Black "Fruteau, Sabine"]
[Result "0-1"]
[WhiteElo "2029"]
[BlackElo "2169"]
[PlyCount "86"]
[EventDate "2007.12.28"]
[SourceDate "2007.12.28"]

1. e4 e5 2. Nf3 Nc6 3. d4 exd4 4. Nxd4 Bc5 5. Nxc6 Qf6 6. Qf3 bxc6 7. Nd2 Qxf3
8. Nxf3 Nf6 9. Bd3 O-O 10. O-O d5 11. e5 Nd7 12. Bf4 Re8 13. Rfe1 Nf8 14. h3
Rb8 15. Rab1 Ne6 16. Bg3 a5 17. Kh1 Bf8 18. c3 c5 19. Nd2 g6 20. f4 Bh6 21. Rf1
Ng7 22. b3 Bf5 23. Bxf5 Nxf5 24. Bh2 f6 25. Nf3 fxe5 26. Nxe5 Bg7 27. Rfd1 Rbd8
28. Rd3 Re6 29. Rbd1 c6 30. g4 Ne7 31. Bg1 Bxe5 32. fxe5 Rxe5 33. Bxc5 Re8 34.
Bb6 Nc8 35. Bxa5 Re1+ 36. Rxe1 Rxe1+ 37. Kg2 Re2+ 38. Kf3 Rxa2 39. b4 Nd6 40.
Bc7 Ne4 41. Bb6 Kf7 42. Be3 Rh2 43. Bd4 Rxh3+ 0-1

[Event "Hastings Masters"]
[Site "?"]
[Date "2007.12.28"]
[Round "1.27"]
[White "Mansson, James"]
[Black "Andersen, Daniel"]
[Result "1-0"]
[WhiteElo "2161"]
[BlackElo "2013"]
[PlyCount "23"]
[EventDate "2007.12.28"]
[SourceDate "2007.12.28"]

1. Nf3 Nf6 2. c4 g6 3. Nc3 d5 4. Qa4+ Bd7 5. Qb3 Bc6 6. cxd5 Nxd5 7. e4 Nf6 8.
d4 b6 9. Ne5 Qxd4 10. Nxc6 Nxc6 11. Bb5 Qc5 12. Be3 1-0